04894cam a22018134i 4500003000900000005001700009008004100026020001800067035002700085040003300112049000900145082002000154100004400174245006100218264006600279300005900345336002100404337002500425338002300450504007000473505074600543526000901289526000901298526001001307526001001317526001001327526001001337526001001347526001001357526001001367526001001377526001001387526001001397526001001407526001001417526001001427526001001437526001001447526001001457526001001467526001001477526001001487526001001497526001001507526001001517526001001527526001001537526001001547526001001557526001001567526001001577526001001587526001001597526001001607526001001617526001001627526001001637526001001647526001001657526001001667526001001677526001001687526001001697526001001707526001001717526001001727526001001737526001001747526000901757526000901766526000901775526000901784526000901793526000901802526000901811526000901820526000901829526000901838526000901847526000901856526000901865526000901874526000901883526000901892526000901901526000901910526000901919526000901928526000901937526000901946526000901955526000901964526000901973526000901982526000901991526000902000526000902009526000902018526000902027526000902036526001002045526000902055526000902064526000902073526000902082526000902091526000902100526000902109526000802118526000802126526000802134526000802142526000802150526000802158526000802166526000802174526000802182526000802190526000802198526000802206526000802214526000802222526000902230526000802239526000802247526000802255526000802263526000802271526000902279526000802288526000802296526000802304526000802312526000802320526000902328526000802337526000802345526000902353526000802362526000802370526000802378526000802386541001602394650004002410650003402450910002602484942001402510949011802524994001402642596000602656999018002662980005502842952018302897PE-LiUPU20250813165913.0150706s2011    waua    rb    000 0 spa d  a9789275332498  a(Sirsi) i9789275332498  aPE-LiUPUbspacPE-LiUPUerda  aPRUA04a618.76bM192211 aMaldonado-Durán, J. Martín,eautor.10aSalud mental perinatal /cJ. Martín Maldonado-Durán. 1aWashington :bOrganización Panamericana de la Salud,c2011.  axv, 266 páginas :bilustraciones ;c25 centímetros  atext2rdacontent  aunmediated2rdamedia  avolume2rdacarrier  aIncluye referencias bibliografías después de cada capítulo.0 aCambios fisiológicos y emociones durante el embarazo normal y la conducta del feto -- Fenómenos de "programación" in útero: Alto nivel de estrés psicosocial y desnutrición durante el embarazo -- El papel de padre en la etapa perinatal -- Aspectos culturales de la peri natalidad -- El parto y sus vicisitudes -- Aspectos evolutivos de la relación madre- bebe -- La conducta y capacidades perceptuales del recién  nacido normal. Estrategias de evaluación clínica -- Depresión en la etapa perinatal -- Trastornos de ansiedad en la etapa perinatal -- Psicosis en el periodo perinatal.-Dificultades psicosomáticas en la etapa perinatal -- La prevención de los problemas emocionales y conductuales en la etapa perinatal.  aP203  aP200  aSEG65  aSEG64  aSEG63  aSEG62  aSEG61  aSEG60  aSEG59  aSEG58  aSEG57  aSEG56  aSEG55  aSEG54  aSEG53  aSEG52  aSEG51  aSEG50  aSEG49  aSEG48  aSEG47  aSEG46  aSEG24  aSEG23  aSEG22  aSEG21  aSEG20  aSEG19  aSEG18  aSEG17  aSEG16  aSEG14  aSEG13  aSEG12  aSEG11  aSEG10  aSEG09  aSEG06  aSEG05  aSEG04  aSEG03  aSEG02  aSEG68  aSEG66  aSEG45  aSEG25  aSEG01  aP163  aP162  aP161  aP160  aP159  aP158  aP157  aP156  aP155  aP154  aP153  aP152  aP151  aP150  aP149  aP142  aP141  aP140  aP139  aP138  aP137  aP132  aP131  aP130  aP126  aP125  aP124  aP123  aP115  aP122  aP121  aP116  a P114  aP112  aP111  aP104  aP103  aP102  aP101  aP100  aP96  aP95  aP93  aP92  aP91  aP88  aP83  aP82  aP79  aP78  aP75  aP74  aP71  aP69  a P51  aP49  aP48  aP47  aP33  aP31  a P30  aP29  aP27  aP26  aP25  aP24  a P22  aP10  aP09  a P08  aP06  aP05  aP04  aP01  g001-000071;04aDepresión pospartoxEnfermería.04aNiñosxTrastornos Mentales.  aglbjvcfsrd20130228  2ddccBOOK  a618.76 M19wDEWEYc1i66571lCCODEBUL1mBULp38.00r0sYtBOOKu2015-7-6xSALUDPP31o.STAFF. Colección General  aC0bPEPRU  a1  a618.76 M19wDEWEYc54632i66571d54632e2019-10-20f2021-11-4g5lCCODEBUL1mBULn10p38.00r0sYtBOOKu2015-7-6xSALUDPP310COMPRAo.STAFF. Colección Ciencias de la Salud  81gALBERTO SANCHEZ Responsable de Automatización  r2025-12-03 00:00:00i6l11o618.76 M19p66571s2023-06-11te1v43.00w2015-07-06xFCSyBKzinventario-2023-12-13102ddc50708GENfP31aBULbBULcGENd2015-07-06eCOMPRAg38.00